Dallas Cowboys Players That Wear/Wore The #88 - Statistics

General Stats
  • This quiz has been taken 40 times
  • The average score is 4 of 7
Answer Stats
Hint Answer % Correct
WR 2020-Present Ceedee Lamb
100%
WR 2010 Dez Bryant
91%
WR 1988-1999 Michael Irvin
82%
WR 1973-1983 Drew Pearson
65%
P/K 1965 Colin Ridgway
6%
TE 2000-2001 Jackie Harris
6%
WR 1972 Ron Sellers
3%
No matching quizzes found
Score Distribution
Percent of People with Each Score
Percentile by Number Answered
Your Score History
You have not taken this quiz